[Event "MNT-ch 74th"]
[Site "Podgorica"]
[Date "2022.02.26"]
[Round "8"]
[White "Popovic, Mateja"]
[Black "Pekic, Momcilo"]
[Result "1/2-1/2"]
[WhiteElo "1732"]
[BlackElo "1602"]
[PlyCount "87"]
[EventDate "2022.02.19"]
[EventType "swiss"]
[EventRounds "9"]
[EventCountry "MNE"]
[SourceTitle "EXT 2023"]
[Source "ChessBase"]
[SourceDate "2022.10.05"]
[SourceVersion "1"]
[SourceVersionDate "2022.10.05"]
[SourceQuality "1"]

1. d4 Nf6 2. Nf3 g6 3. Bg5 Bg7 4. Nbd2 d5 5. c3 0-0 6. e3 Bf5 7. Be2 Nbd7 8. Qb3 Rb8 9. 0-0 b6 10. Bxf6 Nxf6 11. Ne5 Qd6 12. c4 Ne4 13. Nxe4 dxe4 14. c5 bxc5 15. Nxf7 Qe6 16. Ng5 Qxb3 17. axb3 cxd4 18. Bc4+ Kh8 19. Nf7+ Kg8 20. Ne5+ Kh8 21. exd4 Bxe5 22. dxe5 Rb7 23. Rfd1 c6 24. h3 h5 25. Ra6 Rc7 26. Rda1 Ra8 27. Kf1 Kg7 28. Ke2 h4 29. Ke3 g5 30. Kd4 Rd8+ 31. Kc3 Ra8 32. Kb4 Bc8 33. R6a5 Kg6 34. Re1 Bf5 35. Kc5 Rd8 36. Re2 Rd1 37. g4 hxg3 38. fxg3 Bxh3 39. Rxe4 Bg2 40. Re3 Bd5 41. Ra6 Kf5 42. Bd3+ Ke6 43. Bc4 Rd2 44. g4 1/2-1/2